| 000 | 01167nam a2200313 i 4500 | ||
|---|---|---|---|
| 001 | 000014126 | ||
| 003 | DO-SdBNP | ||
| 005 | 20251028122625.0 | ||
| 007 | ta | ||
| 008 | 091204s1968 dr r 000 f spa d | ||
| 040 |
_aDO-SdBNP _bspa _cBNPHU _erda |
||
| 041 | _aspa | ||
| 082 | 4 |
_aRD863.3 _bB719m 1968 _222 |
|
| 100 | 1 |
_aBonó, Pedro Francisco, _d1828-1906 _eautor _4aut. _91351 |
|
| 245 | 1 | 3 |
_aEl montero : _bnovela de costumbres / _cPedro Francisco Bonó ; prefacio, Emilio Rodríguez Demorizi. |
| 264 | 1 |
_aSanto Domingo, República Dominicana : _bJulio D. Postigo e hijos Editores, _c1968. |
|
| 300 |
_a114 páginas ; _c20 cm. |
||
| 336 |
_atexto _btxt _2rdacontent |
||
| 337 |
_asin mediación _bn _2rdamedia |
||
| 338 |
_avolumen _bnc _2rdacarrier |
||
| 490 | 0 |
_aColección Pensamiento Dominicano ; _v41 |
|
| 500 | _aIncluye referencias bibliográficas y notas al pie de las páginas. | ||
| 590 | _aInventariado, 2019 / DG | ||
| 650 | 4 |
_aNovela dominicana _9223 |
|
| 650 | 4 |
_aLieratura dominicana _931959 |
|
| 700 | 1 |
_aRodríguez Demorizi, Emilio, _d1908-1986 _eprefacio _4pref. _91039 |
|
| 910 | _aValidado. Control de calidad. MMOLINA | ||
| 942 |
_2ddc _cLBS1 |
||
| 999 |
_c13728 _d13728 |
||